000 00595nam a2200193 4500
005 20260318122602.0
010 _aENG-147895
020 _c1480.00
_a9789349750425
035 _aEN-131427
037 _bDBAD
082 _a515
100 _aHosseini, Hossein Giv
_988577
245 _aMathematical Analysis and its Inherent Nature/
_cHossein Hosseini Giv
250 _a1
260 _aHyderabad
_bUniversities Press (India) Pvt. Ltd.
_c2026
270 _a3-6-747/A & 3-6-754/1, Himayatnagar
_bHyderabad
_e500029
300 _a348p.
_c24cm(pb)
942 _2ddc
_cEN
_h515
_mHOS
999 _c215610
_d215610